LEADER 01583nam a2200349 u 4500 001 000000031892 003 CaOOAMICUS 005 20070226112206.0 008 971009s1997 it f u000 u ita u 020 $a8802052093 035 $a10772096 040 $aIPA$bita 041 1 $aita$hgrc 100 0 $aPlotinus,$d203/6-270.$0(OLS)http://pul/name/5766 240 10$aEnneades$9(Plotinus, 203/6-270).$lItaliano.$0(OLS)http://pul/title/13163 245 10$aEnneadi /$cPlotino ; a cura di Mario Casaglia ... [et al.] ; prefazione di Francesco Adorno. 260 $aTorino :$bUnione tipografico-editrice torinese,$cc1997. 300 $a2 v. :$bill. ;$c24 cm 490 1 $aClassici della filosofia ;$v32-1/2 504 $aBibliografia: p. 75-83. 600 04$aPlotinus,$d203/6-270.$0(OLS)http://pul/subject/4816 700 1 $aAdorno, Francesco.$0(OLS)http://pul/name/7726 700 1 $aCasaglia, Mario.$0(OLS)http://pul/name/25339 830 0$aClassici della filosofia (UTET) ;$v32-1/2.$0(OLS)http://pul/title/8314 850 $aPUL 852 $aPUL$W1$xSL Filosofia 1$y2$m87 M 32.1$j184574$qStampati$B187778$CPULBib$Z2$F187778 $H77092 $82 852 $aPUL$W1$xSL Filosofia 1$y2$m87 M 32.2$j184575$qStampati$B187779$CPULBib$Z2$F187779 $H77093 $82 900 $aPlotino,$d203/6-270$95766 941 1 $a8 996 $6020$a8802052093$9(OLS)http://pul/number/40068 996 $6245$aEnneadi$9(OLS)http://pul/title/13164 996 $6260$aTorino :$bUnione tipografico-editrice torinese$9(OLS)http://pul/publisher/48298 LEADER 01685nam a2200373 a 4500 001 000000165625 003 CaOOAMICUS 005 20180201094749.0 008 180201s2017 it u000 u ita r 020 $a978-88-9317-465-7* 032 $aLibriCat 040 $aPUL$bita 082 $a348.45 110 1 $aItalia.$0(OLS)http://pul/name/1188 240 10$aCodice di procedura civile (2017).$0(OLS)http://pul/title/198394 245 10$aCodice di procedura civile:$bcommentato con la giurisprudenza /$ca cura di Francesco Bartolini, Pietro Savarro. 250 $a41. ed. 260 $aPiacenza :$bLa Tribuna,$c©2017. 300 $a2474 p. ;$c21 cm. 490 1 $aI codici commentati con la giurisprudenza 2017 500 $aTesto su due colonne. 500 $aSulla cop.: aggiornato con tutte le ultime novitą normative e giurisprudenziali. 650 4$aProcedura civile$zItalia.$0(OLS)http://pul/subject/14566 700 1 $aSavarro, Pietro.$0(OLS)http://pul/name/70838 700 1 $aBartolini, Francesco,$d1942-$0(OLS)http://pul/name/35926 830 2$aI codici commentati con la giurisprudenza.$0(OLS)http://pul/title/135813 850 $aPUL 852 $aPUL$W1$xDP2 Diritto e Scienze Sociali 3$y110$m348. 45 COD 3.2.74$j189941$qDDC 21$B192966$CPULBib$Z2$F192966 $H130378 $81 941 1 $a9 996 $6020$a978-88-9317-465-7*$9(OLS)http://pul/number/163318 996 $6082$a348.45$9(OLS)http://pul/classification/373 996 $6245$aCodice di procedura civile:$bcommentato con la giurisprudenza$9(OLS)http://pul/title/144135 996 $6260$aPiacenza :$bLa Tribuna$9(OLS)http://pul/publisher/69734